Thermal expansion in magnesium composites

Bibliographic Details
Main Authors: Lukáč, Pavel (Author), Rudajevová, Alexandra (Author)
Format: Article
Language:Slovak
PhysicalDescription:Obr., tab.
ISSN:0023-432X
Subjects:

MARC

LEADER 00000nab a2200000 a 4500
001 vtls000857010
003 SK-MaSNL
005 20260304132424.0
008 250429c2003 xo 0 slo
015 |a SNBRB2003/12-36078 
035 |a CLN000208664 
035 |a urn:nbn:sk:snk-abbwzo 
035 |a (urnnbn)urn:nbn:sk:snk:ar-001iif 
035 |a (uuid)a35163b2-22ce-4f4a-8455-f2de44baa10f 
040 |a SNKBUCL  |b slo  |c SNKBUCL  |e AACR2 
041 0 |a slo 
044 |a xo  |c SK 
080 |a 669.721.018.9:536.413  |2 1997 
080 |a 536.413  |2 1997 
080 |a 620.181.4  |2 1997 
100 1 |a Lukáč, Pavel  |4 aut  |9 445328 
245 1 0 |a Thermal expansion in magnesium composites  |c Pavel Lukáč, Alexandra Rudajevová 
300 |b Obr., tab. 
504 |a Bibliogr. odkazy 
504 |a Res. angl., čes. 
650 0 7 |a materiály Mg-Al2O3  |x rozťažnosť tepelná  |2 snkbucl  |9 1447578 
650 0 7 |a rozťažnosť tepelná  |2 snkbucl  |9 1154617 
650 0 7 |a materiály kompozitné  |2 snkbucl  |9 921965 
655 7 |a články z novín a časopisov  |2 snkbucl  |9 267496 
700 1 |a Rudajevová, Alexandra  |4 aut  |9 1144538 
773 0 |t Kovové materiály  |g Roč. 41, č. 5 (2003), s. 281-292  |x 0023-432X 
850 |a Slovenská národná knižnica 
852 |a Slovenská národná knižnica 
958 |a article15 
958 |a OND 
958 |a NB 
958 |a RBX 
958 |a EUIPO 
999 |c 2898939  |d 2900869